00424nam a2200169Ia 450000500170000000800410001702000150005808200120007310000180008524500640010325000080016726000390017530000120021450000060022665000100023265000120024220240812054504.0240331s9999 xx 000 0 und d a0912670134 bEHRa42 aEhrenreich, B 0aWitches, midwives, and nurses :ba history of women healers a2nd aNew YorkbThe Feminist Pressc1973 a48 p ., a  aWomen ahistory